|
|
|
|
| LEADER |
00000nab a2200000 a 4500 |
| 001 |
vtls010579588 |
| 003 |
SK-MaSNL |
| 005 |
20260303084932.0 |
| 008 |
140303 2013 xo q 000 0 slo |
| 038 |
|
|
|a PPPK
|
| 040 |
|
|
|a PPPKCL
|b slo
|c PPPK
|e AACR2
|
| 041 |
0 |
|
|a slo
|
| 044 |
|
|
|a xo
|c SK
|
| 080 |
|
|
|a 352
|x (437.6)
|2 2001
|
| 080 |
|
|
|a 394.1/.7
|2 2001
|
| 245 |
0 |
0 |
|a Mikuláš v obci
|
| 300 |
|
|
|b Fotogr.
|
| 500 |
|
|
|a Autor a fotograf článku nie sú uvedení.
|
| 611 |
2 |
7 |
|a Mikuláš
|d (2013 :
|c Liptovská Teplička, Slovensko)
|2 pppkcl
|9 1093679
|
| 648 |
|
7 |
|a 6.12.2013
|2 pppkcl
|9 1093680
|
| 650 |
0 |
7 |
|a obce
|2 pppkcl
|9 2935
|
| 650 |
0 |
7 |
|a kultúrne podujatia
|2 pppkcl
|9 71676
|
| 651 |
|
7 |
|a Liptovská Teplička (Slovensko)
|2 pppkcl
|9 20039
|
| 651 |
|
7 |
|a Poprad (Slovensko : okres)
|2 pppkcl
|9 28675
|
| 773 |
0 |
|
|t Obecné noviny Liptovská Teplička
|g Roč. II, č. 6 (2013), s. 5
|
| 852 |
|
|
|a PPPK
|b KIS3GCP
|
| 999 |
|
|
|c 1797283
|d 1799213
|